| 000 | 00831nam a22003017a 4500 | ||
|---|---|---|---|
| 001 | 339154 | ||
| 003 | DO-SdBNP | ||
| 005 | 20180220142208.0 | ||
| 007 | 339154 | ||
| 008 | 921216s1992 sp | |||| ||spa d | ||
| 016 | 7 |
_a _z _2BPMSU |
|
| 017 |
_a _b |
||
| 020 | _a8434820404 | ||
| 040 |
_aBPMSU _bspa _cBPMSU |
||
| 080 | 4 | _a087.5 | |
| 100 | 1 | _aVázquez-Vigo, Carmen | |
| 245 | 1 | 3 |
_aLa fuerza de la gacela / _cCarmen Vázquez-Vigo ; ilustraciones de Jesús Gabán. |
| 250 | _a6ª ed. | ||
| 260 |
_aMadrid : _bSM, _c1992 |
||
| 300 |
_a60 p.; _bil. : _c20 cm. |
||
| 490 | 1 |
_aEl barco de vapor _v14 |
|
| 586 | _aPremio Lazarillo 1993 | ||
| 700 | 1 | 2 |
_aGabán, Jesús, _d1957- _eil. |
| 830 | 0 |
_aEl barco de vapor _v14 |
|
| 942 |
_2ddc _cBK |
||
| 945 | _aInventariado, 2018 /LP | ||
| 956 |
_aVMATEO _210 _320151124 _6BPMSU _800151 |
||
| 999 |
_c8893 _d8893 |
||